Agreed rules of measurement (Record no. 103423)

MARC details
000 -LEADER
fixed length control field 01705cam a2200517 4500
001 - CONTROL NUMBER
control field J125510
008 - FIXED-LENGTH DATA ELEMENTS--GENERAL INFORMATION
fixed length control field 040322n2003 000 0 eng u
035 ## - SYSTEM CONTROL NUMBER
System control number (Sirsi) u125510
041 ## - LANGUAGE CODE
Language code of text/sound track or separate title eng
050 ## - LIBRARY OF CONGRESS CALL NUMBER
Classification number 692.3
-- 18
110 ## - MAIN ENTRY--CORPORATE NAME
Corporate name or jurisdiction name as entry element Construction Industry Federation
9 (RLIN) 2255
245 ## - TITLE STATEMENT
Title Agreed rules of measurement
Remainder of title issue three 2003
260 ## - PUBLICATION, DISTRIBUTION, ETC.
Place of publication, distribution, etc. Dublin
Name of publisher, distributor, etc. SCS
Date of publication, distribution, etc. 2003
300 ## - PHYSICAL DESCRIPTION
Extent 161p.
Dimensions 30cm.
350 ## - PRICE (NR) (BK AM CF MU VM SE) [OBSOLETE]
Price 40
490 ## - SERIES STATEMENT
Series statement Construction Industry Federation Agreed Rules of Measurement
Volume/sequential designation 3 2003
505 ## - FORMATTED CONTENTS NOTE
Formatted contents note General rules
505 ## - FORMATTED CONTENTS NOTE
Formatted contents note Preliminaries
505 ## - FORMATTED CONTENTS NOTE
Formatted contents note Demolition and alterations
505 ## - FORMATTED CONTENTS NOTE
Formatted contents note Excavation and earthwork
505 ## - FORMATTED CONTENTS NOTE
Formatted contents note Piling
505 ## - FORMATTED CONTENTS NOTE
Formatted contents note Concrete work
505 ## - FORMATTED CONTENTS NOTE
Formatted contents note Brickwork and blockwork
505 ## - FORMATTED CONTENTS NOTE
Formatted contents note Stonework
505 ## - FORMATTED CONTENTS NOTE
Formatted contents note Roofing, cladding and waterproofing
505 ## - FORMATTED CONTENTS NOTE
Formatted contents note Woodwork
505 ## - FORMATTED CONTENTS NOTE
Formatted contents note Steelwork
505 ## - FORMATTED CONTENTS NOTE
Formatted contents note Metalwork
505 ## - FORMATTED CONTENTS NOTE
Formatted contents note Mechanical installations
505 ## - FORMATTED CONTENTS NOTE
Formatted contents note Electrical installations
505 ## - FORMATTED CONTENTS NOTE
Formatted contents note Floor wall and ceiling finishings
505 ## - FORMATTED CONTENTS NOTE
Formatted contents note Glazings
505 ## - FORMATTED CONTENTS NOTE
Formatted contents note Painting and decorating
505 ## - FORMATTED CONTENTS NOTE
Formatted contents note Drainage
505 ## - FORMATTED CONTENTS NOTE
Formatted contents note Surface pavings, fencing and landscaping
505 ## - FORMATTED CONTENTS NOTE
Formatted contents note Fittings, equipment and furniture
520 ## - SUMMARY, ETC.
Summary, etc. The latest revision of the "Agreed rules of measurement" provides a uniform basis for measuring building work and embodies the essentials of good practice in the Republic of Ireland.
520 ## - SUMMARY, ETC.
Summary, etc. Supersedes 1994 ed. (J2930).
650 ## - SUBJECT ADDED ENTRY--TOPICAL TERM
Topical term or geographic name entry element BUILDING WORKS
650 ## - SUBJECT ADDED ENTRY--TOPICAL TERM
Topical term or geographic name entry element BUILDING MEASUREMENT
650 ## - SUBJECT ADDED ENTRY--TOPICAL TERM
Topical term or geographic name entry element IRELAND
650 ## - SUBJECT ADDED ENTRY--TOPICAL TERM
Topical term or geographic name entry element AGREED RULES OF MEASUREMENT
690 ## - LOCAL SUBJECT ADDED ENTRY--TOPICAL TERM (OCLC, RLIN)
Topical term or geographic name as entry element Quantity surveying
9 (RLIN) 6263
710 ## - ADDED ENTRY--CORPORATE NAME
Corporate name or jurisdiction name as entry element Society of Chartered Surveyors
9 (RLIN) 3030
942 ## - ADDED ENTRY ELEMENTS (KOHA)
Suppress in OPAC 0
Holdings
Withdrawn status Lost status Source of classification or shelving scheme Damaged status Not for loan Home library Current library Shelving location Date acquired Cost, normal purchase price Total Checkouts Full call number Barcode Date last seen Date last checked out Copy number Cost, replacement price Price effective from Koha item type
    Dewey Decimal Classification     London London Folio 30/04/2004 30.00 1 F692.3 CON 30069231 06/08/2019 18/09/2009 1 30.00 06/08/2019 Book